00360nam a2200133Ia 450000500170000000800410001702000150005808200130007310000200008624500270010626000630013330000120019650000180020820241014015029.0240331s9999 xx 000 0 und d a9559504843 bKANa820 aKannangara, E.T 0aLiterary contributions aColombobJournals in Sri Lanka and Foreign Countriesc1994 a61 p ., aShort Stories